| 000 | 00535cam a2200205ua 4500 | ||
|---|---|---|---|
| 020 |
_a81-224-0522-3 _c300.00 |
||
| 041 |
_aeng _h |
||
| 082 |
_a531.14 _bIYE/AD |
||
| 100 | _aIyer, B.R . | ||
| 245 | 0 | 0 |
_aAdvances in gravitation and cosmology / _c.R.Iyer. _hTextual Documents |
| 260 |
_aNew Delhi : _bWiley Eastern Ltd , _c1993. |
||
| 300 | _a288 ; . | ||
| 365 | _a300.00 | ||
| 504 | _a | ||
| 700 | 1 | _aPrasanna, A.R . | |
| 700 | 1 | _aVarma, R.K . | |
| 700 | 1 | _aVisheswara, C.V . | |
| 942 | _cBK | ||
| 999 |
_c10156 _d10156 |
||